000
00223nam a2200097Ia 4500
008
190216s9999||||xx |||||||||||||| ||und||
100
_a
Manohara Das Chakravarthy
245
0
_a
Guldar Ka Sikkar
260
_b
Null
942
_c
BK
999
_c
15317
_d
15317